MDQL
is popping MORE tags! Check the
thread
!
Quizzes
Events
Quiz Creation
Community
Videos
Private Events
Remove Ads
Sign In
Join for FREE
Feedback
Dark Mode
Quiz Categories
Sports
Geography
Music
Movies
Television
Just For Fun
Miscellaneous
History
Literature
Language
Science
Gaming
Entertainment
Religion
Holiday
For Kids
Quiz Lab
Recent
Popular Today
Quiz Kudos Today
Editor Picks
Curator Picks
Quizzes by...
Day
Popularity
Type
Ratings
Length
Year
Community
Subscriptions
Recent Discussions
Orange Saloon
Badges
Playlists
Quests
Create
Leaderboards
Showdown
Live 5
Trivia Bingo
Activity
Puzzle Library
Sporcle Events
Private Events
Virtual Trivia
Globe League
Become a Host
Pub Owners
SporcleCon
Opinionation
Our Games
Videos
Blog
Mobile Apps
Partnerships
Remove Ads and Go Orange
Feedback
Geography
Country
Landmarks
City
State
Population
World
Capital
Continent
Flags
Europe
Africa
Asia
South America
North America
Oceania
Border
Canada
United Kingdom
Topography
United States
Geography
Country
Landmarks
City
State
Population
World
Capital
Continent
Flags
Europe
Africa
Asia
South America
North America
Oceania
Border
Canada
United Kingdom
Topography
United States
Random Quiz
Search Sporcle
×
Quiz Lab
Quiz Lab
Geography
Europe
Type in answers that appear in a list
Type in answers that appear in a list
Classic
Best Score? Go Orange.
Council of Europe Stats
Can you name the Members of the Council of Europe?
By
Emperor_Gestahl
4m
47 Questions
417 Plays
417 Plays
417 Plays
Comments
Comments
Give Quiz Kudos
Give Quiz Kudos
-
- Ratings
hide this ad
Replay
Link that replays current quiz
Next Quiz
Link to next quiz in quiz playlist
You Got
0%
They Got
Avg Score
89%
Avg Friend Score
Upgrade to see
Score Distribution
Jump to the score distribution portion of the page
Score
0/47
Timer
04:00
0
Plays Today
Country
% Correct
United Kingdom
98.6%
France
97.6%
Belgium
96.9%
Netherlands
96.9%
Sweden
96.4%
Germany
95.7%
Spain
95.7%
Russia
95.7%
Denmark
95.2%
Norway
95.2%
Portugal
95%
Italy
94.7%
Ireland
94.2%
Luxembourg
94%
Slovakia
93.3%
Greece
93%
Finland
92.6%
Estonia
92.1%
Turkey
91.8%
Latvia
91.4%
Austria
90.9%
Switzerland
90.9%
Slovenia
90.9%
Lithuania
90.6%
Country
% Correct
Czech Republic
90.4%
Romania
90.2%
Ukraine
89.9%
Serbia
89.7%
Poland
89.4%
Hungary
89.2%
Malta
88.5%
Croatia
88.2%
Iceland
87.8%
Cyprus
87.5%
Andorra
86.8%
Montenegro
86.8%
Bulgaria
86.6%
San Marino
85.4%
Bosnia and Herzegovina
83.7%
Moldova
82.3%
Republic of Macedonia
82.3%
Monaco
82.3%
Albania
81.3%
Georgia
74.3%
Azerbaijan
72.9%
Armenia
72.2%
Liechtenstein
71.7%
Quiz Playlist
Details
Report
Send in Message
Add To Playlist
Classic:
Type in answers that appear in a list
Quiz Source
Last Updated: Feb 16, 2017
Quiz Scoreboard
CHALLENGE
Sign Up to Join the Scoreboard
Show All
Scores
Hide
Comments
May contain spoilers
Recently Published
Holiday 10x10 Sorting Gallery
by lukepisani3
Holiday
15m
Two Season TV Shows II
by 123Four
Television
10m
Image Sorting: Flags VI
by Barbecue
Geography
2m
More to Explore
Quiz From the Vault
Featured Blog Post
14 Easter Pick-up Lines to Find Eggs With
hide this ad
You Might Also Like...
Tags
Country Quiz
Europe Quiz
ascension
council
Today's Top Quizzes in Geography
Browse Geography
hide this ad
Today's Top Quizzes in Europe
Browse Europe
Top Contributed Quizzes in Geography
1
Colored Red Europe Blitz I
2
Countries of the World - No Outlines Minefield
3
Colored Red Africa Blitz II
4
Colored Red Europe Blitz II
5
Colored Red Europe Blitz III
6
Colored Red Africa Blitz III
7
Colored Red States Blitz I
8
A Different View: World Oceans
9
Colored Red States Blitz II
10
Colored Red States Blitz III
Explore More
Trending Topics
Anime
Harry Potter
Disney
NBA
Crossword
Marvel
Kpop
Country
The Office
Song
Soccer
NFL
Puzzle
WWE
Pokémon
hide this ad
More By:
Emperor_Gestahl
Quiz
Plays
Rating
Category
Featured
Created
Japanese Prime Ministers
2,304
4.55
History
Dec 2, 2009
Japanese Historical Periods
1,082
4.82
History
Feb 9, 2010
Council of Europe
417
4.20
Geography
Oct 30, 2009
JR East Lines
299
1.67
Miscellaneous
Mar 3, 2011
Tallest, Longest, and Biggest
232
5.00
Geography
Jul 14, 2015
Go to Creator's Profile
Score Distribution
Quiz Creator Spotlight
Emperor_Gestahl
Follow
Send a Message
Quizzes Created
-
Created Quiz Play Count
-
More By This Creator
Popular Quizzes Today
1
Find the US States - No Outlines Minefield
2
Colored Red Africa Blitz
3
Find the 'City' Movie
4
The Countries of the World
5
5x2 Blitz: Bands
6
Find the Countries of Europe - No Outlines Minefield
7
Find the US States
8
US States
More Geography Quizzes
Weakest Link: Europe II
Published
Trending Quizzes
Colored Red Europe Blitz I
Colored Red Europe Blitz II
Colored Red Africa Blitz II
Even More Two Season TV Shows
Colored Red Africa Blitz III
Recently Updated
Odd Team Out - Big 4 Players
pecheneg
Quick Pick: 20 Twenties
pecheneg
March Madness Men's Triple Doubles
pecheneg
How Do You Spell That?
pecheneg
Godzilla Movies
pecheneg
Grab Bag: 4-10 Letters
pecheneg
2024 March Madness Bracket
pecheneg
Famous TV Couples
Peacemaker
Champions League XIs: Real Madrid
pecheneg
Largest US Cities 1790-2010
pecheneg
Trending Topics
Anime
Marvel
Crossword
Harry Potter
Disney
NBA
Kpop
Country
NFL
Pokémon
Song
The Office
Puzzle
Soccer
WWE
Your Account Isn't Verified!
In order to create a playlist on Sporcle, you need to verify the email address you used during registration. Go to your
Sporcle Settings
to finish the process.
Report this User
Report this user for behavior that violates our
Community Guidelines
.
Details:
Send Report
Go to the Sporcle.com Mobile Site →
Comments